Vorlesungen über die Philosophie der Weltgeschichte

Zapisane w:
Opis bibliograficzny
1. autor: Hegel, Georg Wilhelm Friedrich (autor)
Format: Książka
Język:niemiecki
Wydane: Hamburgo Felix Meiner 1955
Wydanie:5a. ed
Seria:Philosophische Bibliotek, 171a
Hasła przedmiotowe:
Etykiety: Dodaj etykietę
Nie ma etykietki, Dołącz pierwszą etykiete!

MARC

LEADER 00000nam a2200000 a 4500
001 UCZ2781
003 CL-VaPUC
008 951006e19550000GW |||||||||||||||||ger|d
082 0 4 |a 141  |b HEG  |2 21 
100 |a Hegel, Georg Wilhelm Friedrich  |e autor  |9 580639 
245 1 0 |a Vorlesungen über die Philosophie der Weltgeschichte 
250 |a 5a. ed 
300 |a v 
942 |c BK 
945 |d 19951006 00:00:00  |a lriquelm 
260 |a Hamburgo  |b Felix Meiner  |c 1955 
500 |a v.1: Die Vernunft in der Geschichte 
650 0 |a Idealismo  |9 265685 
650 0 |a Filosofía alemana   |9 265002 
650 0 |a Filosofía de la historia  |9 265651 
650 0 |a Razón   |9 314475 
583 |a last modification  |c 19951006 00:00:00  |k Rodrigo Vera 
490 0 |a Philosophische Bibliotek, 171a 
999 |c 239336  |d 239334 
952 |0 0  |1 0  |4 0  |6 141_000000000000000_HEG_1955  |7 0  |8 P  |9 250410  |a BIBEDU  |b BIBEDU  |c BIBEDU_PB  |d 2019-11-18  |h v.1  |i 158197K  |o 141 HEG 1955  |p 158197K  |r 2024-01-25  |w 2019-11-18  |y BK  |k FIL 
952 |0 0  |1 0  |4 0  |6 141_000000000000000_HEG_1955  |7 0  |8 P  |9 250411  |a BIBEDU  |b BIBEDU  |c BIBEDU_PB  |d 2019-11-18  |h v.1  |i 1581988  |o 141 HEG 1955  |p 1581988  |r 2024-01-25  |w 2019-11-18  |y BK  |k FIL